000
00294nam a2200109Ia 4500
008
200302s9999 xx 000 0 und d
100
_a
Maria antonietta crippa
245
_a
Antoni Gaudi 1852-1926 From nature to Architecture
260
_b
Taschen Gmbh Publishing
260
_c
2015
300
_a
96
999
_c
6245
_d
6245